ბათუმის შოთა რუსთაველის სახელმწიფო უნივერსიტეტის ბიბლიოთეკა

მედეა : პიესა / (ბიბ.ჩანაწერი № 55978)

000 -ლიდერი
ფიქსირებული სიგრძის საკონტროლო ველი 00877nam a2200229Ia 4500
001 - საკონტროლო ნომერი
საკონტროლო ველი 23077
003 - საკონტროლო ნომრის იდენტიფიკატორი
საკონტროლო ველი GE_BSU
005 - ბოლო ოპერაციის თარიღი და დრო
საკონტროლო ველი 20230707115223.0
008 - ფიქსირებული სიგრძის მონაცემთა ელემენტები - ზოგადი ინფორმაცია
ფიქსირებული სიგრძის საკონტროლო ველი 181216s1969||||ge |||||||||||||| ||geo||
040 ## - კატალოგიზაციის წყარო
Transcribing agency GE_BSU
041 ## - ენის კოდი
Language code of text/sound track or separate title geo
080 ## - უნივერსალური ათობითი კლასიფიკაციის ინდექსი
Universal Decimal Classification number 821.14'01-21 ე-35
100 ## - მთავარი ჩანაწერი - პიროვნების სახელი
Personal name ევრიპიდე
9 (RLIN) 15553
245 ## - ცნობა სათაურის შესახებ
Title მედეა : პიესა /
Statement of responsibility, etc ევრიპიდე ; თარგმ. ძველი ბერძნ. პ. ბერაძისა.
264 ## - წარმოების, გამოცემის, დისტრიბუციის და სხვა ცნობები
გამოცემის, წარმოების, დისტრიბუციის... ადგილი თბილისი :
გამოცემის, წარმოების, დისტრიბუციის... სახელწოდება საბჭ. საქართველო,
გამოცემის, წარმოების, დისტრიბუციის... თარიღი 1969.
300 ## - ფიზიკური აღწერა
Extent 86 გვ. :
Other physical details ილ. ;
Dimensions 17 სმ.
653 ## - INDEX TERM--UNCONTROLLED
Uncontrolled term მედეა : პიესა
653 ## - INDEX TERM--UNCONTROLLED
Uncontrolled term ძველი ბერძნული ლიტერატურა
700 ## - ADDED ENTRY--PERSONAL NAME
Personal name ბერაძე, პ.
Relator term მთარგმნელი
9 (RLIN) 16056
942 ## - ADDED ENTRY ELEMENTS (KOHA)
Koha item type წიგნი
Source of classification or shelving scheme
ეგზემპლარები
ჩამოწერის სტატუსი დაკარგული ეგზემპლარის სტატუსი კლასიფიკაციის წყარო ან თაროზე გაწყობის სქემა დაზიანების სტატუსი არ გაიცემა მუდმივი მდებარეობა (დაცვის ადგილი) ამჟამინდელი ადგილსამყოფელი თაროზე განთავსების ადგილი შეძენის თარიღი ღირებულება, შესყიდვის ნორმალური ფასი სრული შენახვის შიფრი შტრიხკოდი ბოლო ოპერაციის თარიღი ეგზემპლარის მიმდევრობითი ნომერი (კეტერი?) ფასის ძალაში შესვლის თარიღი ეგზემპლარის სახეობა საჯარო შენიშვნა
          ბათუმის შოთა რუსთაველის სახელმწიფო უნივერსიტეტის მთავარი ბიბლიოთეკა ბათუმის შოთა რუსთაველის სახელმწიფო უნივერსიტეტის მთავარი ბიბლიოთეკა წიგნსაცავი 2018-12-17 0.42 821.14'01-21 ე-35 58508 2018-12-17 58508 2018-12-17 წიგნი 0.42 ₾.